000
00264nam a22001217a 4500
008
170829b xxu||||| |||| 00| 0 eng d
041
_a
eng
080
_2
6 ED
_a
070
100
_a
39
101
_a
MED
245
_a
COMMUNICATION
_c
THILL..V.J
942
_2
udc
_c
BK
999
_c
25382
_d
25382